[Event "Politiken Cup"]
[Site "Copenhagen"]
[Date "2006.07.28"]
[Round "7.5"]
[White "Aagaard, Jacob"]
[Black "Brynell, Stellan"]
[Result "1-0"]
[WhiteElo "2457"]
[BlackElo "2497"]
[PlyCount "63"]
[EventDate "2006.??.??"]

1. e4 e6 2. d4 d5 3. Nc3 Bb4 4. e5 c5 5. a3 Bxc3+ 6. bxc3 Ne7 7. Qg4 O-O 8. Bd3
f5 9. exf6 Rxf6 10. Bg5 Rf7 11. Qh5 h6 12. Nf3 Nbc6 13. Bh7+ Kxh7 14. Qxf7 hxg5
15. Nxg5+ Kh6 16. O-O-O e5 17. dxe5 Nxe5 18. Rhe1 N7g6 19. f4 Nc4 20. Rxd5 Qb6
21. Ne6 Bxe6 22. Qxe6 Qb2+ 23. Kd1 Qa1+ 24. Ke2 Qxc3 25. f5 Re8 26. Qxe8 Nf4+
27. Kf1 Kg5 28. Qe7+ Kg4 29. h3+ Nxh3 30. Re4+ Nf4 31. Rxf4+ Kxf4 32. Qh4+ 1-0

[Event "Politiken Cup"]
[Site "Copenhagen"]
[Date "2006.07.28"]
[Round "7.6"]
[White "Jakobsen, Ole"]
[Black "Howell, David WL"]
[Result "1/2-1/2"]
[WhiteElo "2387"]
[BlackElo "2479"]
[PlyCount "126"]
[EventDate "2006.??.??"]

1. d4 Nf6 2. c4 g6 3. Nc3 d5 4. Nf3 Bg7 5. Qb3 dxc4 6. Qxc4 O-O 7. e4 Nc6 8.
Be3 Ng4 9. O-O-O Nxe3 10. fxe3 e5 11. Kb1 Bg4 12. d5 Ne7 13. h3 Bd7 14. h4 Nc8
15. h5 Nd6 16. Qb3 b5 17. hxg6 fxg6 18. Bd3 Qe7 19. Ne2 a5 20. Rc1 Ra7 21. Qd1
Rc8 22. Qg1 c5 23. dxc6 Bxc6 24. Qh2 Bh8 25. Nd2 Rac7 26. Qh3 Bd7 27. Rxc7 Rxc7
28. Qf3 Be6 29. Rc1 Rxc1+ 30. Nxc1 Bf6 31. Qf1 Bg5 32. Bxb5 Bxe3 33. Ncb3 Qb7
34. Bd3 a4 35. Na5 Qb4 36. Ndc4 a3 37. Qe2 Bxc4 38. Nxc4 Nxc4 39. Bxc4+ Kg7 40.
Bb3 Qxe4+ 41. Qc2 Qf4 42. Bc4 axb2 43. Kxb2 Bd4+ 44. Kb3 e4 45. a4 Qg3+ 46. Kb4
Qd6+ 47. Kb3 Qe5 48. Bb5 h5 49. Qe2 Bb6 50. Bc6 e3 51. Bf3 Kh6 52. Qc4 Kg5 53.
Kc2 Kh6 54. Kd3 Qd6+ 55. Ke4 Kg5 56. g3 Kh6 57. a5 Bxa5 58. Kxe3 Bb6+ 59. Ke2
Kg7 60. Qa6 Qd4 61. Qb7+ Kh6 62. Be4 Qg1 63. Bc6 g5 1/2-1/2

[Event "Politiken Cup"]
[Site "Copenhagen"]
[Date "2006.07.28"]
[Round "7.8"]
[White "De Firmian, Nick E"]
[Black "Rasmussen, Casper"]
[Result "1-0"]
[WhiteElo "2559"]
[BlackElo "2290"]
[PlyCount "47"]
[EventDate "2006.??.??"]

1. e4 e5 2. Nf3 Nf6 3. Nxe5 d6 4. Nf3 Nxe4 5. d4 d5 6. Bd3 Be7 7. O-O Nc6 8. c4
Nb4 9. Be2 O-O 10. a3 Nc6 11. Nc3 Nxc3 12. bxc3 Bf5 13. Be3 Bf6 14. Nd2 Re8 15.
Nb3 b6 16. Re1 dxc4 17. Bxc4 Qd6 18. Qf3 Be4 19. Qg4 Na5 20. Nxa5 bxa5 21. Qh5
Qe7 22. Qxa5 c5 23. f3 cxd4 24. Bf2 1-0

[Event "Politiken Cup"]
[Site "Copenhagen"]
[Date "2006.07.28"]
[Round "7.9"]
[White "Andersen, Dan"]
[Black "Negi, Parimarjan"]
[Result "0-1"]
[WhiteElo "2278"]
[BlackElo "2480"]
[PlyCount "74"]
[EventDate "2006.??.??"]

1. Nf3 d5 2. b3 Bg4 3. e3 Nf6 4. Bb2 e6 5. h3 Bh5 6. d3 Nbd7 7. Nbd2 h6 8. c4
Bd6 9. a3 Qe7 10. d4 c6 11. Be2 Ne4 12. Nxe4 dxe4 13. Nd2 Bg6 14. Qc2 f5 15. c5
Bc7 16. Nc4 O-O 17. O-O-O b6 18. f4 Nf6 19. Ne5 Be8 20. Bc4 Bxe5 21. dxe5 Nd5
22. Bxd5 cxd5 23. Bd4 Bb5 24. Kb2 Rfc8 25. Rc1 Rc6 26. b4 bxc5 27. Bxc5 Qb7 28.
Qd2 Bc4 29. Bd6 a5 30. Ra1 axb4 31. Bxb4 Ra4 32. Rhc1 Rb6 33. Kc2 Rbxb4 34.
axb4 Rxb4 35. Kd1 Rb2 36. Qc3 Rb3 37. Qa5 Rd3+ 0-1

[Event "Politiken Cup"]
[Site "Copenhagen"]
[Date "2006.07.28"]
[Round "7.10"]
[White "Semcesen, Daniel"]
[Black "Boros, Denes"]
[Result "1/2-1/2"]
[WhiteElo "2266"]
[BlackElo "2462"]
[PlyCount "139"]
[EventDate "2006.??.??"]

1. d4 Nf6 2. c4 e6 3. Nf3 d5 4. Nc3 Bb4 5. e3 O-O 6. Bd3 c5 7. O-O Nc6 8. a3
Bxc3 9. bxc3 b6 10. Re1 Na5 11. cxd5 exd5 12. Nd2 Qc7 13. Bb2 Bg4 14. f3 Bh5
15. Rc1 b5 16. Rb1 Rab8 17. a4 c4 18. Bc2 a6 19. Ba3 Rfe8 20. Qc1 Nc6 21. Bc5
Bg6 22. Bxg6 hxg6 23. Qa3 Re6 24. axb5 axb5 25. Rb2 Qb7 26. Ra2 Rbe8 27. Nf1 g5
28. h3 Nd7 29. Rb1 f5 30. Qb2 Nxc5 31. dxc5 Rb8 32. Qc2 Ne7 33. Qd2 Ra6 34.
Rab2 Qc6 35. Qd4 Ra7 36. Qe5 Rab7 37. Qd4 Qe6 38. e4 fxe4 39. fxe4 Qxe4 40.
Qxe4 dxe4 41. Ne3 Kh7 42. Nxc4 Rc7 43. Nd6 Rxc5 44. Nxe4 Rc4 45. Nxg5+ Kg6 46.
Rxb5 Rxb5 47. Rxb5 Rxc3 48. Ne4 Rc7 49. Kf2 Rc6 50. g4 Ra6 51. h4 Kh6 52. Re5
Ra2+ 53. Kf3 Ra3+ 54. Kg2 Ra2+ 55. Kh3 Ra3+ 56. Ng3 Ng8 57. Re8 Kh7 58. g5 g6
59. Kg4 Ra1 60. h5 gxh5+ 61. Nxh5 Ra4+ 62. Nf4 Kg7 63. Re5 Rb4 64. Kf5 Nh6+ 65.
gxh6+ Kxh6 66. Re6+ Kg7 67. Re7+ Kh6 68. Re6+ Kg7 69. Re7+ Kh6 70. Re6+ 1/2-1/2

[Event "Politiken Cup"]
[Site "Copenhagen"]
[Date "2006.07.28"]
[Round "7.11"]
[White "Mikkelsen, Nikolaj"]
[Black "Kristiansen, Jens"]
[Result "1-0"]
[WhiteElo "2236"]
[BlackElo "2425"]
[PlyCount "81"]
[EventDate "2006.??.??"]

1. e4 g6 2. d4 Bg7 3. Nc3 d6 4. f4 Nf6 5. Nf3 O-O 6. Be3 b6 7. Bd3 c5 8. h3
cxd4 9. Nxd4 Bb7 10. Qf3 Nbd7 11. O-O a6 12. Nde2 b5 13. a3 Qc7 14. Rad1 Nc5
15. f5 e6 16. Qf4 Rae8 17. Bxb5 axb5 18. Nxb5 Qc6 19. Nxd6 exf5 20. Nd4 Qa6 21.
Nxe8 Rxe8 22. Nxf5 Ne6 23. Nh6+ Kf8 24. Rd7 Re7 25. Qb8+ Bc8 26. Rxe7 Kxe7 27.
Rxf6 Bxh6 28. Rxe6+ Bxe6 29. Bxh6 Qe2 30. Bf8+ Kd7 31. Qd6+ Kc8 32. Qc6+ Kd8
33. Bd6 Qe3+ 34. Kh2 Qa7 35. b4 h5 36. b5 Bd7 37. Qd5 Be6 38. Qe5 Qa4 39. Qh8+
Kd7 40. Qf8 Qxc2 41. Qe7+ 1-0

[Event "Politiken Cup"]
[Site "Copenhagen"]
[Date "2006.07.28"]
[Round "7.12"]
[White "Penalver, Osmani"]
[Black "Hoi, Carsten"]
[Result "0-1"]
[WhiteElo "2126"]
[BlackElo "2386"]
[PlyCount "100"]
[EventDate "2006.??.??"]

1. d4 g6 2. c4 Bg7 3. Nc3 d6 4. e4 e5 5. d5 a5 6. Be3 Nd7 7. a3 Ngf6 8. f3 Nh5
9. Nh3 Nc5 10. b4 axb4 11. axb4 Rxa1 12. Qxa1 Na6 13. Nf2 O-O 14. Qa3 Bf6 15.
Nd3 Bg5 16. Bf2 f5 17. b5 Nb8 18. c5 Nd7 19. cxd6 cxd6 20. Be2 Qe7 21. O-O Ndf6
22. b6 Bd7 23. Qb3 Ra8 24. Nb4 Kh8 25. Rd1 Qg7 26. Bb5 fxe4 27. Bxd7 e3 28. Be6
exf2+ 29. Kxf2 Rf8 30. Nb5 Ne4+ 31. Kg1 Qh6 32. Nc2 Nc5 33. Qa3 Be7 34. Ne3 Nf4
35. Ng4 Qg5 36. g3 Nfxe6 37. dxe6 h5 38. Nxd6 hxg4 39. Nf7+ Rxf7 40. exf7 Kg7
41. Rd5 Qf6 42. Qe3 Kxf7 43. fxg4 Qxb6 44. Rxe5 Qd6 45. h4 Bf6 46. Rxc5 Bd4 47.
Rc7+ Kf6 48. g5+ Kf5 49. g4+ Kxg4 50. Rc4 Qg3+ 0-1

[Event "Politiken Cup"]
[Site "Copenhagen"]
[Date "2006.07.28"]
[Round "7.13"]
[White "Jaeger, Frode Bull"]
[Black "Tjiam, Dharma"]
[Result "0-1"]
[WhiteElo "2104"]
[BlackElo "2391"]
[PlyCount "70"]
[EventDate "2006.??.??"]

1. e4 d6 2. d4 Nf6 3. Nc3 g6 4. f4 Bg7 5. Nf3 O-O 6. Bd3 Nc6 7. e5 dxe5 8. fxe5
Nh5 9. Be3 Bg4 10. Be2 f6 11. exf6 exf6 12. O-O Ne7 13. Qd2 Nf5 14. Bf2 Bh6 15.
Qd3 Nf4 16. Qc4+ Kh8 17. Bd1 Nd6 18. Qb3 Qd7 19. d5 Nxg2 20. Kxg2 Bh3+ 21. Kg1
Qg4+ 22. Bg3 Be3+ 23. Rf2 f5 24. Kh1 Bxf2 25. Ng1 Qd4 26. Nxh3 Bxg3 27. hxg3
Rae8 28. Bf3 Re3 29. Kg2 f4 30. gxf4 Qd2+ 31. Nf2 Rxf3 32. Nce4 Nxe4 33. Qxf3
Rxf4 34. Rd1 Rxf3 35. Rxd2 Nxd2 0-1

[Event "Politiken Cup"]
[Site "Copenhagen"]
[Date "2006.07.28"]
[Round "7.15"]
[White "Jorgensen, Dennis"]
[Black "Bromann, Thorbjorn"]
[Result "1/2-1/2"]
[WhiteElo "2179"]
[BlackElo "2364"]
[PlyCount "50"]
[EventDate "2006.??.??"]

1. d4 b6 2. Nf3 Bb7 3. g3 Bxf3 4. exf3 d5 5. Bg2 e6 6. O-O c6 7. b3 Bd6 8. c4
Ne7 9. f4 O-O 10. Bb2 Nd7 11. Nd2 b5 12. Qc2 Rb8 13. Rab1 Bb4 14. Bc3 Qa5 15.
Bxb4 Qxb4 16. a3 Qxa3 17. Ra1 Qd6 18. Rxa7 dxc4 19. bxc4 Qxd4 20. c5 Rbd8 21.
Nf3 Qc4 22. Qxc4 bxc4 23. Rc1 Nc8 24. Ra5 Ne7 25. Rxc4 Ra8 1/2-1/2

[Event "Politiken Cup"]
[Site "Copenhagen"]
[Date "2006.07.28"]
[Round "7.17"]
[White "Lilja, Richard"]
[Black "Brinck-Claussen, Bjorn"]
[Result "0-1"]
[WhiteElo "2129"]
[BlackElo "2358"]
[PlyCount "58"]
[EventDate "2006.??.??"]

1. e4 e6 2. Nc3 d5 3. Nf3 Nf6 4. e5 Nfd7 5. d4 c5 6. dxc5 Nc6 7. Bf4 Bxc5 8.
Bd3 Be7 9. O-O g5 10. Bg3 g4 11. Nd2 Ndxe5 12. Bb5 Ng6 13. Qxg4 h5 14. Qf3 Bg5
15. Qe2 h4 16. Be5 f6 17. Bd4 Kf7 18. Bxc6 bxc6 19. Nf3 Bf4 20. Na4 Bc7 21. c3
Nf4 22. Qd2 Qg8 23. g3 Qg4 24. Ne1 Ba6 25. Ng2 Ne2+ 26. Kh1 hxg3 27. fxg3 Rxh2+
28. Kxh2 Qxg3+ 29. Kh1 Qh3# 0-1

[Event "Politiken Cup"]
[Site "Copenhagen"]
[Date "2006.07.28"]
[Round "7.20"]
[White "Lund, Esben"]
[Black "Schou-Moldt, Thomas"]
[Result "1-0"]
[WhiteElo "2296"]
[BlackElo "2184"]
[PlyCount "83"]
[EventDate "2006.??.??"]

1. d4 Nf6 2. c4 d6 3. Nc3 e5 4. Nf3 Nbd7 5. e4 Be7 6. Be2 O-O 7. O-O c6 8. Qc2
Re8 9. Rd1 Qc7 10. Bg5 Nf8 11. d5 c5 12. a3 h6 13. Be3 g5 14. Nxe5 a6 15. Nd3
Ng6 16. Rf1 Bf8 17. f3 Bg7 18. Rae1 Qd7 19. Nf2 Rb8 20. b4 b6 21. Rb1 Nh5 22.
g3 f5 23. bxc5 dxc5 24. Bxc5 bxc5 25. Rxb8 Nxg3 26. hxg3 Qc7 27. f4 Qxb8 28.
Bh5 Kh7 29. exf5 Re3 30. Bxg6+ Kh8 31. Nce4 gxf4 32. Ng4 Rb3 33. gxf4 Bd4+ 34.
Kh1 Rxa3 35. Qh2 Bg7 36. Nxh6 Qb2 37. Nf7+ Kg8 38. Qh4 Bxf5 39. Bxf5 Kxf7 40.
Nd6+ Kg8 41. Be6+ Kf8 42. Qd8# 1-0

[Event "Politiken Cup"]
[Site "Copenhagen"]
[Date "2006.07.28"]
[Round "7.21"]
[White "De Haan, Eric"]
[Black "Ostergaard, Rasmus"]
[Result "1-0"]
[WhiteElo "2295"]
[BlackElo "2173"]
[PlyCount "109"]
[EventDate "2006.??.??"]

1. d4 d5 2. c4 e6 3. Nc3 Be7 4. Nf3 Nf6 5. Bg5 O-O 6. e3 h6 7. Bxf6 Bxf6 8. Qc2
Na6 9. a3 c5 10. dxc5 Qa5 11. Rc1 dxc4 12. Bxc4 Qxc5 13. Ne4 Qa5+ 14. Ke2 Be7
15. Rhd1 b5 16. Ba2 Bb7 17. Bb1 g6 18. Rd7 Rac8 19. Nc3 Rc7 20. Rxc7 Nxc7 21.
Ne4 Nd5 22. Qd2 b4 23. Kf1 Rd8 24. axb4 Qxb4 25. Qxb4 Bxb4 26. Ne5 Kg7 27. h4
Nf6 28. Ng3 Ba5 29. Kg1 h5 30. Ba2 Rb8 31. Ne2 Nd5 32. Nd4 Nb4 33. Bb3 Be4 34.
Ra1 Bb6 35. Nd7 Rb7 36. Nxb6 Rxb6 37. Rxa7 Kf6 38. f3 Bd5 39. Ba4 e5 40. Ne2
Nc6 41. Nc3 Be6 42. Rc7 Nd8 43. Ne4+ Kg7 44. Rc2 Bf5 45. Rd2 Bxe4 46. Rxd8 Rb4
47. Be8 Bb1 48. Rd2 Rxh4 49. e4 Rf4 50. b4 Rf6 51. b5 Rb6 52. Kf2 Kf6 53. Bc6
Ke7 54. Ke3 Rb8 55. Rb2 1-0

[Event "Politiken Cup"]
[Site "Copenhagen"]
[Date "2006.07.28"]
[Round "7.22"]
[White "Petersen, Peter Birk"]
[Black "Andreasen, Per"]
[Result "1/2-1/2"]
[WhiteElo "2186"]
[BlackElo "2283"]
[PlyCount "42"]
[EventDate "2006.??.??"]

1. e4 g6 2. d4 Bg7 3. Nf3 d6 4. Nc3 a6 5. a4 Nf6 6. Be2 O-O 7. O-O Nc6 8. d5
Nb8 9. h3 c6 10. a5 Nbd7 11. Be3 Qc7 12. Qd2 Nc5 13. Bd3 cxd5 14. exd5 Nxd3 15.
Qxd3 Bf5 16. Qe2 Ne4 17. Na4 Rac8 18. c3 Bd7 19. Rfe1 Nf6 20. Nb6 Rce8 21. Nd4
Bc8 1/2-1/2

[Event "Politiken Cup"]
[Site "Copenhagen"]
[Date "2006.07.28"]
[Round "7.23"]
[White "Roelvaag, Mikael"]
[Black "Friesen, Boris"]
[Result "0-1"]
[WhiteElo "2282"]
[BlackElo "2146"]
[PlyCount "92"]
[EventDate "2006.??.??"]

1. c4 Nf6 2. g3 g6 3. Bg2 c6 4. Nc3 Bg7 5. e4 d6 6. Nge2 e5 7. O-O O-O 8. d4
Nbd7 9. b3 Re8 10. Bb2 exd4 11. Nxd4 Nc5 12. Qc2 Ne6 13. Nxe6 Bxe6 14. Rad1 Qc7
15. Ne2 Bg4 16. f3 Be6 17. Rd2 Red8 18. Rfd1 a5 19. Bd4 Ne8 20. Be3 Bd7 21. Nc3
Be5 22. Na4 c5 23. Nc3 Bc6 24. Bf2 a4 25. f4 axb3 26. axb3 Bg7 27. h3 Qa5 28.
Nd5 Bxd5 29. Rxd5 Rab8 30. Bf1 Bf8 31. R5d2 Qc7 32. Qd3 Be7 33. Qf3 Ng7 34. f5
Bg5 35. Rd5 Qe7 36. f6 Bxf6 37. h4 Be5 38. Qd3 Ne6 39. Bh3 Nd4 40. Bxd4 Bxd4+
41. Kg2 Re8 42. Kh1 Ra8 43. Bg2 Ra2 44. Rf1 Rea8 45. Qf3 Rb2 46. h5 Raa2 0-1

[Event "Politiken Cup"]
[Site "Copenhagen"]
[Date "2006.07.28"]
[Round "7.24"]
[White "Hassan, Omar Elsayed"]
[Black "Sylvan, Jacob"]
[Result "0-1"]
[WhiteElo "2153"]
[BlackElo "2279"]
[PlyCount "82"]
[EventDate "2006.??.??"]

1. e4 d6 2. d4 Nf6 3. Nc3 g6 4. Be2 Bg7 5. h4 h5 6. Bg5 c6 7. Qd2 Nbd7 8. Nh3
b5 9. a3 a5 10. d5 Bb7 11. dxc6 Bxc6 12. f3 b4 13. axb4 axb4 14. Rxa8 Qxa8 15.
Nd1 Qb7 16. O-O O-O 17. Nhf2 Rc8 18. Nd3 b3 19. c3 Ra8 20. Ne3 Bb5 21. c4 Bc6
22. Rc1 Qb6 23. Nb4 Ra4 24. Nxc6 Qxc6 25. Nd5 Nxd5 26. cxd5 Qb6+ 27. Be3 Nc5
28. Rc4 Qa7 29. Kh2 Ra1 30. f4 Rb1 31. e5 Qa1 32. Bxc5 dxc5 33. d6 exd6 34.
exd6 Qxb2 35. Qd3 Bf6 36. d7 Kg7 37. Rxc5 Re1 38. Bd1 Qf2 39. Rc3 Qg1+ 40. Kh3
Rxd1 41. Qe3 Qh1+ 0-1

[Event "Politiken Cup"]
[Site "Copenhagen"]
[Date "2006.07.28"]
[Round "7.25"]
[White "Christensen, Stefan"]
[Black "Gretarsson, Hjorvar Stein"]
[Result "1/2-1/2"]
[WhiteElo "2277"]
[BlackElo "2130"]
[PlyCount "111"]
[EventDate "2006.??.??"]

1. e4 c5 2. c3 Nf6 3. e5 Nd5 4. d4 cxd4 5. Nf3 Nc6 6. Bc4 Nb6 7. Bb3 d5 8. exd6
Qxd6 9. O-O Be6 10. Bxe6 Qxe6 11. Nxd4 Nxd4 12. Qxd4 Rd8 13. Qh4 Qe2 14. Bd2 e6
15. Re1 Qb5 16. Bg5 Rd5 17. a4 Qc4 18. a5 Qxh4 19. Bxh4 Nc4 20. a6 b5 21. b3
Nb6 22. Na3 Bxa3 23. Rxa3 Kd7 24. f3 Kc6 25. Raa1 g5 26. Bf2 Rhd8 27. Bd4 R8d7
28. Bf6 h6 29. Bg7 h5 30. Bf6 Rf5 31. Bg7 Rd2 32. Red1 Rfd5 33. Rxd2 Rxd2 34.
Bd4 b4 35. Bxb6 Kxb6 36. cxb4 Rb2 37. Re1 Rxb3 38. Re5 g4 39. Rxh5 gxf3 40.
gxf3 Rxf3 41. b5 f5 42. Rh7 Kxb5 43. Rxa7 e5 44. Re7 Kxa6 45. Rxe5 Kb6 46. Kg2
Ra3 47. h4 Kc7 48. Rd5 Kc6 49. Rd1 f4 50. Rh1 Kd6 51. h5 Ke6 52. h6 Ra8 53. Kf3
Kf6 54. Kxf4 Ra4+ 55. Kg3 Ra3+ 56. Kg4 1/2-1/2

[Event "Politiken Cup"]
[Site "Copenhagen"]
[Date "2006.07.28"]
[Round "7.26"]
[White "Hvenekilde, Jorgen"]
[Black "Lahlum, Hans Olav"]
[Result "1/2-1/2"]
[WhiteElo "2181"]
[BlackElo "2264"]
[PlyCount "56"]
[EventDate "2006.??.??"]

1. d4 e6 2. c4 d5 3. Nc3 c6 4. Nf3 dxc4 5. a4 Bb4 6. g3 Nf6 7. Bg2 b5 8. O-O
Qb6 9. Qc2 Bb7 10. e4 Nbd7 11. Rd1 a6 12. Bf4 h6 13. h4 O-O 14. Nh2 Rfe8 15.
Be3 c5 16. d5 exd5 17. Nxd5 Nxd5 18. exd5 Nf6 19. axb5 axb5 20. Rxa8 Rxa8 21.
g4 Qd6 22. Qf5 Qd7 23. Qf3 Bxd5 24. Rxd5 Qxd5 25. Qxd5 Nxd5 26. Bxd5 c3 27.
bxc3 Bxc3 28. Nf3 c4 1/2-1/2

[Event "Politiken Cup"]
[Site "Copenhagen"]
[Date "2006.07.28"]
[Round "7.27"]
[White "Holst, Conny"]
[Black "Albrecht, Rainer"]
[Result "1-0"]
[WhiteElo "2124"]
[BlackElo "2256"]
[PlyCount "59"]
[EventDate "2006.??.??"]

1. d4 e6 2. c4 f5 3. g3 Nf6 4. Bg2 Bb4+ 5. Bd2 Qe7 6. Nf3 Bxd2+ 7. Nbxd2 d6 8.
O-O e5 9. dxe5 dxe5 10. e4 Nc6 11. exf5 Bxf5 12. Re1 O-O 13. Qb3 Rab8 14. Qc3
Nd7 15. a3 a5 16. h3 h6 17. Ne4 Qf7 18. Rad1 Rbe8 19. b4 axb4 20. axb4 g5 21.
b5 Bxe4 22. Rxe4 Nc5 23. Re2 Nd4 24. Re3 Nxf3+ 25. Rxf3 Qe7 26. Rxf8+ Rxf8 27.
Qe3 b6 28. h4 Kg7 29. Rd5 e4 30. hxg5 1-0

[Event "Politiken Cup"]
[Site "Copenhagen"]
[Date "2006.07.28"]
[Round "7.28"]
[White "Soraas, Torben"]
[Black "Wustefeld, Carl"]
[Result "1-0"]
[WhiteElo "2115"]
[BlackElo "2248"]
[PlyCount "93"]
[EventDate "2006.??.??"]

1. e4 d5 2. Nc3 d4 3. Nce2 e5 4. Ng3 Be6 5. Nf3 Nd7 6. c3 c5 7. Bb5 Bd6 8. Nh5
Kf8 9. O-O g6 10. Ng3 a6 11. Bxd7 Bxd7 12. c4 h5 13. d3 h4 14. Ne2 b5 15. b3
Kg7 16. Ne1 f6 17. f4 h3 18. g3 Nh6 19. Nf3 Nf7 20. Bd2 Qe7 21. Rf2 Rab8 22.
Qc2 Be6 23. Raf1 bxc4 24. bxc4 Rhf8 25. Qc1 exf4 26. Nxf4 Bxf4 27. Bxf4 Rb6 28.
e5 f5 29. Ng5 Rh8 30. Nxf7 Kxf7 31. Bg5 Qb7 32. Bf6 Rh7 33. Bd8 Bc8 34. Bxb6
Qxb6 35. e6+ Bxe6 36. Re1 Rh8 37. Rfe2 Qc6 38. Qd2 Re8 39. Qh6 Qf3 40. Qh7+ Kf6
41. Qxh3 Qxd3 42. Qh4+ Kf7 43. g4 f4 44. Qh7+ Kf6 45. Re5 Qe3+ 46. R1xe3 dxe3
47. Rxc5 1-0

[Event "Politiken Cup"]
[Site "Copenhagen"]
[Date "2006.07.28"]
[Round "7.29"]
[White "Holstein, Erik"]
[Black "Nielsen, Lars Aaes"]
[Result "0-1"]
[WhiteElo "2105"]
[BlackElo "2247"]
[PlyCount "83"]
[EventDate "2006.??.??"]

1. f4 d5 2. Nf3 c5 3. d3 Nc6 4. g3 g6 5. Bg2 Bg7 6. O-O Nf6 7. Nc3 O-O 8. Kh1
Rb8 9. Ne5 Nxe5 10. fxe5 Ng4 11. Nxd5 Bxe5 12. e4 f5 13. Bg5 Rf7 14. h3 Nf6 15.
Nxf6+ exf6 16. Bf4 Bxf4 17. Rxf4 fxe4 18. Rxe4 Bf5 19. Re3 Qd7 20. g4 Be6 21.
c4 Re8 22. Qe2 Rfe7 23. Re1 Kf8 24. a3 f5 25. g5 b6 26. b4 Qd6 27. b5 f4 28.
Qf2 Bf5 29. Rxe7 Rxe7 30. Rxe7 Kxe7 31. Qh4 Bxd3 32. Qxh7+ Ke6 33. Bd5+ Kf5 34.
Qh4 Be4+ 35. Bxe4+ Kxe4 36. Qe1+ Kf5 37. Qg1 Qd3 38. Qg4+ Ke5 39. h4 f3 40.
Qg3+ Kd4 41. h5 Qe4 42. h6 0-1

[Event "Politiken Cup"]
[Site "Copenhagen"]
[Date "2006.07.28"]
[Round "7.30"]
[White "Petersen, Soren Boeck"]
[Black "Kaaber, Jacob"]
[Result "0-1"]
[WhiteElo "2244"]
[BlackElo "2117"]
[PlyCount "78"]
[EventDate "2006.??.??"]

1. e4 c5 2. c3 d5 3. exd5 Qxd5 4. d4 Nf6 5. Nf3 Bg4 6. dxc5 Qxd1+ 7. Kxd1 e5 8.
b4 e4 9. h3 Bh5 10. g4 Nxg4 11. hxg4 Bxg4 12. Nbd2 exf3 13. Bd3 Nc6 14. Re1+
Be7 15. Be4 Rd8 16. Kc2 f5 17. Bxc6+ bxc6 18. Nc4 Kf8 19. a4 Bh4 20. Bf4 Bxf2
21. Rh1 Re8 22. Raf1 Re4 23. Bd6+ Kf7 24. Ne5+ Rxe5 25. Bxe5 Be3 26. Kd3 Bg5
27. b5 Re8 28. Bd4 h5 29. b6 a6 30. b7 Bf4 31. Rb1 Bc7 32. Rhe1 Rd8 33. Ke3 h4
34. b8=Q Rxb8 35. Rxb8 Bxb8 36. Rb1 Bg3 37. Rb7+ Ke6 38. Rxg7 f2 39. Rg6+ Kd5
0-1

[Event "Politiken Cup"]
[Site "Copenhagen"]
[Date "2006.07.28"]
[Round "7.31"]
[White "Skovgaard, Peter"]
[Black "Laksman, Efraim"]
[Result "0-1"]
[WhiteElo "2235"]
[BlackElo "2089"]
[PlyCount "62"]
[EventDate "2006.??.??"]

1. e4 e5 2. Nf3 d6 3. d4 exd4 4. Nxd4 Be7 5. Nc3 Nf6 6. Be2 O-O 7. O-O Re8 8.
f4 Bf8 9. Bf3 c6 10. Kh1 Qc7 11. g4 Na6 12. g5 Nd7 13. Qe1 Ndc5 14. Qh4 Ne6 15.
Nf5 Nb4 16. Ne3 Nd4 17. Bd1 d5 18. a3 Na6 19. exd5 Nf5 20. Nxf5 Bxf5 21. Bf3
cxd5 22. Nxd5 Qxc2 23. Ne3 Qc5 24. Nxf5 Qxf5 25. b4 Rac8 26. Bb2 Rc4 27. Bg2
Re2 28. Rf2 Qc2 29. Rc1 Qxb2 30. Rxe2 Rxc1+ 31. Re1 Qa1 0-1

[Event "Politiken Cup"]
[Site "Copenhagen"]
[Date "2006.07.28"]
[Round "7.32"]
[White "Christensen, Janus"]
[Black "Willumsen, Henrik"]
[Result "1-0"]
[WhiteElo "2100"]
[BlackElo "2227"]
[PlyCount "65"]
[EventDate "2006.??.??"]

1. d4 d5 2. c4 c6 3. g3 Nf6 4. Bg2 dxc4 5. Nf3 Nbd7 6. O-O Nb6 7. Bf4 Bf5 8.
Nbd2 e6 9. Rc1 Be7 10. Nxc4 Nxc4 11. Rxc4 Qb6 12. Ne5 Rd8 13. b3 O-O 14. Qe1
Be4 15. f3 Bg6 16. e4 c5 17. dxc5 Bxc5+ 18. Kh1 Bd4 19. Nxg6 hxg6 20. Bc7 Qa6
21. Bxd8 Rxd8 22. e5 Nh5 23. Qe4 Bb6 24. g4 f5 25. Qc2 Qa5 26. gxh5 Rd2 27. Qc3
Qxa2 28. hxg6 Kf8 29. Ra1 Rxg2 30. Rc8+ Ke7 31. Rh8 Qd2 32. Qc8 Rxg6 33. Qe8#
1-0

[Event "Politiken Cup"]
[Site "Copenhagen"]
[Date "2006.07.28"]
[Round "7.33"]
[White "Molvig, Henrik"]
[Black "Forsaa, Espen"]
[Result "0-1"]
[WhiteElo "2218"]
[BlackElo "2065"]
[PlyCount "80"]
[EventDate "2006.??.??"]

1. d4 d5 2. c4 c6 3. Nf3 Nf6 4. Nc3 e6 5. Bg5 dxc4 6. e4 b5 7. e5 h6 8. Bh4 g5
9. Nxg5 hxg5 10. Bxg5 Nbd7 11. exf6 Bb7 12. g3 c5 13. d5 Qb6 14. Bg2 O-O-O 15.
O-O b4 16. Rb1 Qa6 17. Na4 Ne5 18. Be3 Bxd5 19. Bxd5 Rxd5 20. Qc2 Qc6 21. f3
Rd3 22. Qe2 Qxa4 23. Bf4 Nc6 24. b3 Qa5 25. bxc4 Qd8 26. Rbd1 Rd4 27. Qc2 Bh6
28. Qa4 Kb7 29. Qb5+ Qb6 30. Rxd4 Nxd4 31. Qd7+ Ka6 32. Bxh6 Rxh6 33. Qxf7 e5
34. Qd5 Rxf6 35. Kg2 Qc7 36. f4 exf4 37. gxf4 Ne2 38. f5 Nf4+ 39. Rxf4 Qxf4 40.
Qxc5 Qxf5 0-1

[Event "Politiken Cup"]
[Site "Copenhagen"]
[Date "2006.07.28"]
[Round "7.35"]
[White "Romsdal, Trond"]
[Black "Hansen, Herluf"]
[Result "1/2-1/2"]
[WhiteElo "2215"]
[BlackElo "2028"]
[PlyCount "161"]
[EventDate "2006.??.??"]

1. Nf3 Nf6 2. c4 c5 3. Nc3 b6 4. d4 cxd4 5. Nxd4 Bb7 6. Bg5 d6 7. f3 Nbd7 8. e4
a6 9. Be2 e6 10. Qd2 Be7 11. O-O O-O 12. Rfd1 Re8 13. Rac1 Rc8 14. Nc2 Qc7 15.
Bf4 Ne5 16. Bxe5 dxe5 17. a3 Red8 18. Qe1 Nh5 19. b4 Bg5 20. Rxd8+ Rxd8 21. Rd1
Nf4 22. Bf1 Ng6 23. g3 Ne7 24. Rxd8+ Qxd8 25. Qd1 Qc7 26. h4 Bf6 27. Na4 Nc8
28. c5 Bc6 29. Nxb6 Nxb6 30. cxb6 Qxb6+ 31. Kg2 Be7 32. Qd3 Ba4 33. Ne3 Bb5 34.
Qc3 Qd4 35. Qxd4 exd4 36. Bxb5 axb5 37. Ng4 f6 38. h5 e5 39. f4 Bd6 40. Kf3 Kf7
41. Nf2 g6 42. fxe5 fxe5 43. hxg6+ hxg6 44. Kg4 Be7 45. Nd3 Ke6 46. Ne1 Bd8 47.
Nf3 Kf6 48. Kh3 Ke6 49. Kg2 Be7 50. Kf1 Bf6 51. Ke2 Kd6 52. Kd3 Bd8 53. Kc2 Bf6
54. Kb3 Kc6 55. a4 bxa4+ 56. Kxa4 d3 57. Kb3 Kb5 58. g4 Be7 59. Kc3 Bxb4+ 60.
Kxd3 Bd6 61. Nh4 Kc6 62. Nxg6 Kd7 63. Kc4 Ke6 64. Nh4 Kf6 65. Kd5 Bb4 66. Nf3
Bc3 67. Nxe5 Kg5 68. Nf3+ Kxg4 69. Nd4 Kg5 70. e5 Kg6 71. e6 Bb4 72. Kc6 Kf6
73. Kd7 Bc5 74. Nb5 Be7 75. Nc7 Bf8 76. Ne8+ Ke5 77. Nc7 Kf6 78. Nb5 Be7 79.
Nd6 Bf8 80. Nf7 Kf5 81. Nd8 1/2-1/2

[Event "Politiken Cup"]
[Site "Copenhagen"]
[Date "2006.07.28"]
[Round "7.36"]
[White "Asbjornsson, Ingvar"]
[Black "Carstensen, Jacob"]
[Result "1/2-1/2"]
[WhiteElo "2007"]
[BlackElo "2326"]
[PlyCount "60"]
[EventDate "2006.??.??"]

1. c4 e5 2. Nc3 Nf6 3. g3 d5 4. cxd5 Nxd5 5. Bg2 Nb6 6. Nf3 Nc6 7. O-O Be7 8.
b3 Be6 9. Bb2 f5 10. e3 O-O 11. d4 exd4 12. Nxd4 Nxd4 13. Qxd4 Qxd4 14. exd4 c6
15. Rfe1 Kf7 16. d5 cxd5 17. Nb5 Rfc8 18. Bxg7 Bd7 19. Bd4 Bxb5 20. Bxb6 Bf6
21. Bxd5+ Kg7 22. Rad1 axb6 23. Bxb7 Be8 24. Rd6 Bf7 25. Bxc8 Rxc8 26. Rxb6 Rc2
27. Rb5 Rxa2 28. Rxf5 Bxb3 29. Rf3 Bd5 30. Rfe3 Bc4 1/2-1/2

[Event "Politiken Cup"]
[Site "Copenhagen"]
[Date "2006.07.28"]
[Round "7.37"]
[White "Quinn, David"]
[Black "Berry, Neil"]
[Result "0-1"]
[WhiteElo "2035"]
[BlackElo "2334"]
[PlyCount "80"]
[EventDate "2006.??.??"]

1. d4 d5 2. c4 c6 3. Nc3 Nf6 4. Nf3 a6 5. c5 Bf5 6. Qb3 Qc8 7. Bf4 Nbd7 8. h3
e6 9. e3 Be7 10. Be2 O-O 11. O-O Bd8 12. Qd1 Bc7 13. Bxc7 Qxc7 14. b4 e5 15.
dxe5 Nxe5 16. Nd4 Bd7 17. Qc2 Rae8 18. a4 Ng6 19. b5 axb5 20. axb5 Nh4 21. bxc6
bxc6 22. Ra4 Ne4 23. Nxe4 dxe4 24. f4 exf3 25. Nxf3 Nxf3+ 26. Rxf3 Qe5 27. Bd3
g6 28. Re4 Qa1+ 29. Rf1 Qg7 30. Rd4 Be6 31. Rd6 Rb8 32. Rb1 Rxb1+ 33. Qxb1 Qe5
34. Qc1 Ra8 35. Rd4 Ra2 36. Be4 Bxh3 37. Bxc6 Qg5 38. Bf3 Rxg2+ 39. Kh1 Qg3 40.
Rd8+ Kg7 0-1